Jak řídit a vést lidi

Gespeichert in:
Bibliographische Detailangaben
1. Verfasser: Bělohlávek, František
Format: Buch
Sprache:Tschechisch
Veröffentlicht: Brno CP Books 2005
Ausgabe:4. vyd.
Schriftenreihe:Praxe manažera
Schlagworte:
Tags: Tag hinzufügen
Keine Tags, Fügen Sie das erste Tag hinzu!

MARC

LEADER 00000nam$a2200000$$$4500
001 0036197
005 20240226103213.6
020 |a 80-251-0505-9 
041 0 |a cze 
044 |a CZ 
245 1 0 |a Jak řídit a vést lidi  |c František Bělohlávek 
250 |a 4. vyd. 
264 1 |a Brno  |b CP Books  |c 2005 
300 |a 100 s. 
490 1 |a Praxe manažera 
830 0 |a Praxe manažera 
610 2 0 |a pracovníci riadiaci 
610 2 0 |a riadenie ľudských zdrojov 
610 2 0 |a manažéri 
610 2 0 |a motivácia 
610 2 0 |a hodnotenie pracovníkov 
610 2 0 |a rozvoj pracovníkov 
610 2 0 |a manažment personálny 
610 2 0 |a testy 
610 2 0 |a štúdie prípadové 
100 1 |a Bělohlávek, František